000 01492cam a2200385 a 4500
999 _c531524
_d531524
001 15035258
003 NUST
005 20191018102906.0
008 071005s2008 enkab b 001 0 eng
010 _a 2007041405
015 _aGBA7A1912
_2bnb
016 7 _a014469732
_2Uk
020 _a9780754649946 (alk. paper)
020 _a0754649946 (alk. paper)
035 _a(OCoLC)ocn175286308
035 _a(OCoLC)175286308
038 _aMSOHAIL
040 _aDLC
_cDLC
_dYDXCP
_dBTCTA
_dUKM
_dBAKER
_dBWKUK
_dBWK
_dBWX
_dCDX
_dDLC
050 0 0 _aHT166
_b.L616 2008
082 0 0 _a307.1216
_222
245 0 0 _aLocal sustainable urban development in a globalized world /
_cedited by Lauren C. Heberle and Susan M. Opp.
260 _aAldershot, England ;
_aBurlington, VT :
_bAshgate,
_cc2008.
300 _axx, 293 p. :
_bill., maps ;
_c24 cm.
440 0 _aUrban planning and environment
_924331
504 _aIncludes bibliographical references and index.
650 0 _aCity planning
_xEnvironmental aspects.
_9929
650 0 _aUrbanization
_xEnvironmental aspects.
_924332
650 0 _aSustainable urban development.
_923379
700 1 _aHeberle, Lauren C.
_924333
700 1 _aOpp, Susan M.,
_d1979-
_924334
856 4 1 _3Table of contents only
_uhttp://www.loc.gov/catdir/toc/fy0805/2007041405.html
906 _a7
_bcbc
_corignew
_d1
_eecip
_f20
_gy-gencatlg
942 _2ddc
_cBK